Sacred Companies : (Record no. 605756)

MARC details
000 -LEADER
fixed length control field 00478nam a2200193 a 4500
008 - FIXED-LENGTH DATA ELEMENTS--GENERAL INFORMATION
fixed length control field 251227s1998##################000#0#eng##
020 ## - INTERNATIONAL STANDARD BOOK NUMBER
ISBN 9780195113228
082 04 - DEWEY DECIMAL CLASSIFICATION NUMBER
Classification number 206.50973
Item number DEM
100 1# - MAIN ENTRY--AUTHOR NAME
Personal name Demerath, Nicholas Jay,
245 10 - TITLE STATEMENT
Title Sacred Companies :
260 ## - PUBLICATION, DISTRIBUTION, ETC. (IMPRINT)
Year of publication 1998.
300 ## - PHYSICAL DESCRIPTION
Number of Pages 433 pages
650 #0 - SUBJECT ADDED ENTRY--TOPICAL TERM
Topical Term Religion.
942 ## - ADDED ENTRY ELEMENTS (KOHA)
Koha item type English Books
Holdings
Withdrawn status Lost status Damaged status Not for loan Home library Current library Shelving location Date acquired Full call number Accession Number Price effective from Koha item type
        Anna Centenary Library Anna Centenary Library 3RD FLOOR, B WING 29.12.2025 206.50973 DEM 281072 29.12.2025 English Books

Find us on the map